[Event "Coimbra Queima das Fitas op"]
[Site "Coimbra"]
[Date "2016.04.25"]
[Round "6"]
[White "Turta, Stelian"]
[Black "Paiva, Henrique MA Alberg"]
[Result "1/2-1/2"]
[WhiteElo "1878"]
[BlackElo "2040"]
[PlyCount "132"]
[EventDate "2016.04.22"]
[EventType "swiss"]
[EventRounds "7"]
[EventCountry "POR"]
[SourceTitle "EXT 2018"]
[Source "ChessBase"]
[SourceDate "2017.10.13"]
[SourceVersion "1"]
[SourceVersionDate "2017.10.13"]
[SourceQuality "1"]

1. d4 d5 2. Nf3 Nf6 3. Bf4 c6 4. c3 Bf5 5. Nbd2 e6 6. e3 Bd6 7. Ne5 0-0 8. Qb3 Qe7 9. a3 c5 10. Be2 Nc6 11. 0-0 Rab8 12. Qa4 Nd7 13. Nxd7 Qxd7 14. dxc5 Bxf4 15. Qxf4 e5 16. Qa4 Nd4 17. Qd1 Bc2 18. Qe1 Ne6 19. Rc1 Bg6 20. Nf3 f6 21. b4 Rfe8 22. Qd2 Rbd8 23. Rfd1 Qa4 24. Qb2 Kh8 25. h3 a6 26. Rd2 Re7 27. Bd1 Qc6 28. Bc2 Bf7 29. Qb1 Bh5 30. Nh4 Ng5 31. Nf5 Red7 32. Ng3 Bf7 33. h4 Ne6 34. Bxh7 d4 35. exd4 exd4 36. Bf5 Qa4 37. Bxe6 Bxe6 38. Qa1 a5 39. Ne4 dxc3 40. Rxd7 Rxd7 41. Qxc3 Rd1+ 42. Rxd1 Qxd1+ 43. Kh2 Qg4 44. Ng3 Qxh4+ 45. Kg1 axb4 46. Qxb4 Qg5 47. Qe1 Qd5 48. Qe2 Qc6 49. Qh5+ Kg8 50. Qg6 Bf7 51. Qc2 b6 52. Nf5 Qxc5 53. Qxc5 bxc5 54. Nd6 Bd5 55. g3 Kf8 56. Kf1 g6 57. Ke1 Ke7 58. Nb5 Bc4 59. Nc3 f5 60. Kd2 Kd6 61. f4 Ba6 62. Ke3 Bb7 63. Kd2 c4 64. Ke3 Kc5 65. Ne2 Be4 66. Nc3 Bc6 1/2-1/2

[Event "Coimbra Queima das Fitas op"]
[Site "Coimbra"]
[Date "2016.04.24"]
[Round "5"]
[White "Azul, Artur"]
[Black "Turta, Stelian"]
[Result "0-1"]
[WhiteElo "1519"]
[BlackElo "1878"]
[PlyCount "102"]
[EventDate "2016.04.22"]
[EventType "swiss"]
[EventRounds "7"]
[EventCountry "POR"]
[SourceTitle "EXT 2018"]
[Source "ChessBase"]
[SourceDate "2017.10.13"]
[SourceVersion "1"]
[SourceVersionDate "2017.10.13"]
[SourceQuality "1"]

1. b3 e5 2. Bb2 Nc6 3. e3 Nf6 4. g3 h5 5. Nf3 d6 6. Bg2 Bg4 7. h3 Be6 8. d3 Qd7 9. Ng5 0-0-0 10. Nc3 Be7 11. Nxe6 fxe6 12. Qe2 d5 13. 0-0-0 Kb8 14. Kb1 a6 15. a3 Bd6 16. Qd2 Rdf8 17. Na2 Qe7 18. b4 Rd8 19. Bf3 Rhf8 20. Be2 b5 21. f4 g6 22. Qc3 Kb7 23. Qb3 d4 24. fxe5 Bxe5 25. exd4 Bxd4 26. Bf3 Nd5 27. Be4 Bxb2 28. Qxb2 Qg5 29. c4 Nf6 30. Bxc6+ Kxc6 31. cxb5+ axb5 32. Qg2+ Qd5 33. Qxd5+ Nxd5 34. Rc1+ Kb6 35. Rhe1 Rf6 36. Rc5 Rd6 37. Nc3 Nxc3+ 38. Rxc3 Rf3 39. Rec1 c6 40. d4 Rxc3 41. Rxc3 Rxd4 42. Re3 Rd6 43. Kc2 c5 44. bxc5+ Kxc5 45. Kc3 Ra6 46. Kb3 Kd5 47. Kb4 Rb6 48. Ka5 Rb8 49. Rb3 e5 50. a4 Kc4 51. axb5 Kxb3 0-1